La teoría de la relatividad

Gorde:
Xehetasun bibliografikoak
Egile nagusia: Einstein, Albert (autor)
Formatua: Liburua
Hizkuntza:gaztelania
Argitaratua: Santiago Ercilla 1988
Saila:Las más grandes obras del conocimiento, 2
Gaiak:
Etiketak: Etiketa erantsi
Etiketarik gabe, Izan zaitez lehena erregistro honi etiketa jartzen!

MARC

LEADER 00000nam a2200000 a 4500
001 UCW8092
003 CL-VaPUC
008 880506e19880000CL |||||||||||||||||spa|d
082 0 4 |a 530.11  |b EIN  |2 21 
100 |a Einstein, Albert   |e autor  |9 266229 
245 1 3 |a La teoría de la relatividad 
300 |a 176 p 
942 |c BK 
945 |d 19880506 00:00:00 
260 |a Santiago  |b Ercilla  |c 1988 
500 |a Acompaña a Revista Ercilla 
650 0 |a Relatividad  |9 269977 
650 0 |a Física   |9 227844 
650 0 |a Teoría de la relatividad   |9 266149 
583 |a last modification  |c 19880506 00:00:00  |k Rodrigo Vera 
490 0 |a Las más grandes obras del conocimiento, 2 
999 |c 220572  |d 220570 
952 |0 0  |1 0  |4 0  |6 530_110000000000000_EIN_1988  |7 0  |8 A  |9 212999  |a BIBHIS  |b BIBHIS  |d 2019-11-15  |i 1361163  |o 530.11 EIN 1988  |p 1361163  |r 2025-01-20  |w 2019-11-15  |y BK  |k HIS